Ultimate Forrest Gump Trivia - Statistics

General Stats
  • This quiz has been taken 57 times
    44 since last reset
  • The average score is 39 of 103
Answer Stats
Hints Answers % Correct
What age was Forrest when he got the braces on his legs? 7
91%
What city/town was Forrest born in? Greenbow
88%
What bus number is Forrest waiting for? 9
82%
What famous singer did Forrest meet as a child? Elvis Presley
82%
Where did Jenny never want to go? Home
76%
Forrest and Jenny pray to turn Jenny into what? A bird
73%
What president does Forrest tell "I gotta pee"? John F. Kennedy
73%
What was Forrest's IQ? 75
70%
What does Forrest drink 15 of? Dr. Peppers
70%
How many times does Forrest run across the country? 5
67%
Who is Forrest's best good friend? Bubba
67%
Who did Jenny live with after the police came? Her Grandma
64%
What sport does Forrest learn to play while in the field hospital? Ping-Pong
64%
What war did Forrest fight in? Vietnam
64%
What is Forrest's sons name? Forrest
61%
Where is Forrest's father? On vacation
61%
What president does Forrest meet on his third trip to the white house? Richard Nixon
61%
What country does Forrest play ping-pong? China
58%
What disease does Jenny have? HIV/AIDS
58%
Who does Forrest meet on the Dick Cavett show? John Lennon
58%
What jumps up and bites Forrest? A bullet
55%
What "fruit" company does lieutenant __ invest in? Apple
55%
What is Jenny's last name? Curran
55%
What does the first black woman at Forrest's school drop? Her book
55%
What does Forrest pick as his shrimping boat name? | Who does Forrest see at the anti-__ war protest? Jenny
55%
Who plays Forrest Gump? Tom Hanks
55%
What hotel does President __ put Forrest in? Watergate
55%
What falls out of the book and fly's away? Ending the movie A feather
52%
What did Forrest teach Jenny to do in the tree? Dangle
52%
What does Jenny almost do on her balcony while high on crack? Jump
52%
What president does Forrest show his wound to? Lyndon B. Johnson
52%
What does Jenny leave behind the next morning? The medal
52%
What weekday does Forrest's mom die on? Tuesday
52%
What company do Forrest and lieutenant __ start after the Hurricane? Bubba Gump Shrimp
48%
What disease does Forrest's mom have? Cancer
48%
Who is Forrest's lieutenant? Dan Taylor
48%
What is the name of the bus driver? Dorothy Harris
45%
What song plays while Forrest and __ are on the helicopter? Fortunate Son by Creedence Clearwater Revival
45%
What president is shot in the next scene? Ronald Reagan
45%
What weekday did Jenny die? Saturday
45%
Who signed the picture in JFK's bathroom? Marilyn Monroe
42%
What does the first woman to sit on the bench tell Forrest? My feet hurt
42%
What does Jenny throw through the window of her old house? Rocks/Shoes
42%
What T-shirt does Forrest "create"? Smiley face
42%
What does Forrest bring Jenny at college? Chocolates
39%
What town does lieutenant __ say is "a fine place"? Little Rock
39%
Who does lieutenant __ make his peace with? God
36%
What did Forrest think Jenny was scared of? Her Grandmas dog
36%
Who plays Jenny __? Robin Wright
36%
What slogan does Forrest "create"? Shit happens
36%
What does the old woman on the bench miss to hear Forrest's story? The bus
36%
What college does Forrest play football for? University of Alabama
36%
What is Jenny's stage name? Bobbie Dylan
33%
What book do Forrest and his son read before the bus arrives? (Just like Forrest did as a kid) Curious George
33%
What singer does Jenny want to be like? Joan Baez
33%
What is lieutenant __ fiancés name? Susan
33%
What word does the man at the protest like to say... a lot? The F word
33%
What does the football coach say Forrest is? The local idiot
33%
What does Forrest bring Jenny everyday? Flowers
30%
What song is playing as she is doing this? Free Bird by Lynyrd Skynyrd
30%
What does Forrest do after Jenny leaves? Runs
30%
What does Jenny spend most of her time doing when she lives with Forrest? Sleeping
30%
How long did it rain in __? 4 months
27%
Who does Forrest give 50% of their earnings to? Bubbas mom
27%
What does Forrest have done to Jenny's old house? Bulldozed
27%
What happens after Forrest graduates? He Joins the army
27%
What Hurricane are Forrest and lieutenant __ stuck in? Hurricane Carmen
27%
What does Jenny gift Forrest? Nikes
27%
What magazine does Forrest see Jenny naked in? Playboy magazine
27%
What song plays as Forrest's platoon walks through the paddy's in __? All Along the Watchtower by the Jimi Hendrix Experience
24%
Where is Dallas from in Forrest Gump? Phoenix
24%
What TV show do Forrest and his son watch together? Sesame Street
24%
How long does Forrest run for? 3 years
21%
Where did the bus Jenny was riding come from? Berkeley
21%
What does Forrest receive for his acts in the military? Congressional medal of honor
21%
Which she responds... I'll always be your girl
21%
What does the letter that Forrest's son wrote say on it? Mom
21%
What does Jenny tell Forrest at the park one day? She's sick
21%
What does Jenny say when Forrest asks her if shell marry him? You don't want to marry me
21%
What does Forrest get from Jenny? A letter
18%
What magazine are Forrest and lieutenant __ on? Fortune
18%
Which Forrest responds... I didn't know I was supposed to be looking
18%
On what holiday... 4th of July
15%
Where is the strip club Jenny performed at? Memphis, TN
15%
Where do Jenny and her friends go? San Francisco
15%
Where is Jenny living? Savannah, GA
15%
What are the people at the hospital not watching? The moon landing
15%
Where was Jenny buried Under their tree
15%
What song plays when Forrest is writing to Jenny? California Dreamin' by the Mamas and the Papas
12%
What does the man sitting next to Forrest say after he finds out hes the owner of __ __ __? We were sitting next to a millionaire
12%
What does Jenny tell Forrest to do before she gets in the truck? Don't be brave
9%
What does Forrest tell Jenny's grave? He misses her
9%
What does Jenny ask Forrest? To marry her
9%
Who brought "Long-Limbs Lenore" and "Cunning Carla" a Turkey Sandwich on Christmas 1971? Tommy
9%
What song plays as Jenny is leaving? Turn! Turn! Turn! Turn! by the Byrds
9%
What does Forrest tell Jenny as she's leaving? Your my girl
9%
What does lieutenant __ say to Forrest in his apartment on New Years Eve? Have you found Jesus yet?
6%
What side job does Forrest do for free? Mow lawns
6%
Where is his final stop? Utah
6%
What street does Jenny live on? Henry Street
3%
What does Forrest's mom tell him? Death is just a part of life
0%
What song plays during this time? Go Your Own Way by Fleetwood Mac
0%
No matching quizzes found
Score Distribution
Percent of People with Each Score
Percentile by Number Answered
Your Score History
You have not taken this quiz since the last reset